000 00618nam a2200205Ia 4500
005 20250508165326.0
008 008 250505s9999 xx 000 0 eng d
020 _a978-81-316-0557-8
037 _aTextual
040 _aFEDL
_beng
_cFEDL
041 _aeng
_2eng
084 _a307.2, MUK
_qFEDL
100 _aMukherji Shekhar
245 0 _aMigration in India: Links to urbanization, regional disparities and development policies
260 _aJaipur, India
_bRawat Publications
_c2013
300 _axxxv, 512p.
365 _aINR
_b1295
942 _cTEXL
_h307.2, MUK
999 _c1394472
_d1394472